Music Quiz

Random Music or Song Quiz
Score 0/20 Timer 10:00
0 Plays Today
Lyric Missing words % Correct
Tremble with a sigh / _______ __ ____ ___ / You seem to come and go / I never seem to knowGlitter in your eye
88.9%
I wish that life could be just ____ _ __________ / One moment captured as you laugh your perfect laughlike a photograph
77.8%
Floating like a smoke ring / It cannot be regained / Now it's touched it's broken / The taste ____ _____ ____just slips away
77.8%
Any moment you will feel the chemistry / __________ __ __ _____ / Can't ever be explainedVibrations in the brain
77.8%
Carried away / Imaginations are _______ ____ / Losing control / I'm landing back this yearrunning wild
77.8%
She knew she was able to fly / Because when she came down / She had ____ __ ___ _____ from the sky / She said 'I touched a cloud'dust on her hands
66.7%
Eyes aflame, she ran away, I will be where I want to be / Need some space to be alone, need a place __ ____ __ ___to call my own
66.7%
Your words they flatter me / You fill my head ____ ____with tea
66.7%
____ ______ ________ / Is keeping you from seeing meThis strange machinery
66.7%
There's something moving through the air / _____ ___ it wasn't thereYears ago
66.7%
Lyric Missing words % Correct
Drive me up to London now it's got too dark to see / My waiting is over there's __ _______ ___ ___no visitor for me
55.6%
Waiting, hoping for a sign / That what's _________ ___ __ ____forbidden can be mine
55.6%
If I _____ _____ ___ _____ / Then I'd be closer to that door / But it's too farcrawl across the floor
55.6%
Can't see the lights or the blue orange signs / Can't see the road or the ____ ____ ____long white lines
44.4%
You're rushing for a time ___ ___ ____ ____ / Curious of what your feelings are you gothat you don't know
44.4%
Leave them all behind / Wheels turning around / ____ _____ ______ / Pass through different timesInto alien grounds
44.4%
Looking at me from the word's I'm reading / ______ ____ from the life I'm leading hereShying away
44.4%
Your soul and mine will carry on / When ____ ___________ _____ is gonethis transparent world
44.4%
And a friend of mine, one of the few / Has locked himself away ____ ______ ______like Howard Hughes
44.4%
Do what he want and he don't get caught / He's _______ __ ___ ____ but I'm an astronautlooking at the moon
33.3%
Remove Ads.
Support Sporcle.
Get the best of Sporcle when you Go Orange. This ad-free experience offers more features, more stats, and more fun while also helping to support Sporcle. Thank you for becoming a member.

You're not logged in!

Compare scores with friends on all Sporcle quizzes.
OR
Log In

Show Comments

Extras

Created Dec 15, 2012ReportNominate
Tags:Song Quiz, ride

Top Quizzes Today


Score Distribution

Your Account Isn't Verified!

In order to create a playlist on Sporcle, you need to verify the email address you used during registration. Go to your Sporcle Settings to finish the process.

Report this User

Report this user for behavior that violates our Community Guidelines.

Details: